000 00312 a2200157 4500
001 169062
020 _a
040 _cMagnum
100 _aBrougere, Gilles
240 1 0 _aBrinquedo e cultura
_lpor
245 1 0 _aBrinquedo e cultura
362 0 _a1899
440 1 _aCortez
697 _aGERAL
942 _cBK
999 _c169062
_d169062